zpět

Detail výsledku týmu

Kozlovna S-klub, Olomouc

Datum a čas kvízu

37 Celkem bodů Celkový počet nahraných bodů na tomto kvízu bez doplňovacích otázek.
5. Pořadí na kvízu Konečné umístění týmu na tomto kvízu.

Zaznamenané odpovědi

# Otázka Odpověď Body Výsledky
1. Bývalá pražská primátorka Adri... C) detektivní román 0
2. Jeden z tvůrců populární hry W... v Rusku 1
3. Minulý týden byla zapsána na s... vamberecká (krajka) 0
4. První český výrobce nealkoholi... Mattoni, Košík.cz 0.5
5. Ve čtvrtek začalo mistrovství... o házené (mužů) 1
6. Rožnovský tým Kačeři vyhrál mo... Dave Gahan 1
7. Která skladba "Depešáků" je ne... Enjoy the Silence 1
8. Podle čeho si tato kapela vybr... B) podle časopisu 1
9. Gary Numan, Ultravox, Devo...... synthpop / synthrock 1
10. Depešáci ovlivnili řadu hudebn... Shalom 0